| 000 | 00483nam a22001817a 4500 | ||
|---|---|---|---|
| 001 | 00027944 | ||
| 005 | 20260123085213.0 | ||
| 008 | 260123b ag ||||| |||| 00| 0 spa d | ||
| 040 |
_aAR-CcCEOS _bspa _cAR-CcCEOS |
||
| 041 | _aspa | ||
| 080 | _a184(09) | ||
| 090 | _bACU | ||
| 100 | 1 |
_aAcuña, María Luisa _9222 |
|
| 245 |
_aPlaton protagoras / _cMaria Luisa Acuña |
||
| 260 |
_aArgentina : _binstituto de letras, _c1974 |
||
| 300 |
_a113 p. ; _c18x15 cm. |
||
| 942 |
_2udc _cBK _n0 |
||
| 999 |
_c27954 _d27954 |
||